000 00653nam a2200157Ia 4500
008 210329s9999||||xx |||||||||||||| ||und||
040 _cSTCPL
041 _hHND
082 _a891.43301
_bBHA-P
100 _aBharathiya Kulanantha
245 0 _aUnknown
_hपूजा के फूल
260 _aLondon
_bSri. Sanjay Prakashan
_c1997
300 _aP- 143 21 CM
650 _aGeneralA TUTORIAL INTRODUCTION, TYPES, OPERATORS, AN EXPRESSIONS, CONTROL FLOW, FUNCTINS AND PROGRAM STRUCTURE, POINTERS AND ARAYS, STRUCTURES, IMPUT AND OUTPUT, THE UNIX SYSTEM INTERFACE, REFERENCE MANUAL, STANDARD LIBRARY, SUMMARY OF CHANGES, ............
942 _cBK
999 _c45371
_d45371